000 00993nmm a2200277 a 4500
001 ocm0001061910
003 TR-IsHL
005 20201028151135.0
008 150709s2015 tu tur
007 cr cn
020 _a9786059143035
035 _a1061910
_b(N$T)
050 0 4 _aZ8.T8
_bA35 2015
090 0 4 _aZ8.T8
_bA35 2015
100 1 _aAkkaya, Mehmet Ali
245 1 0 _aTürk Beşikdevri basmalarında yazma kitap geleneğinin etkileri ve iç kapağın gelişimi
_h[electronic resource] /
_cMehmet Ali Akkaya ; sunuş Hasan S. Keseroğlu
260 _aİstanbul :
_bHiperlink Yayınları,
_c2015
300 _a368 p.
650 4 _aKütüphanecilik
650 4 _aLibrary Science
650 0 _aKitaplar
_x Türkiye
_x Tarih
650 0 _aBooks
_x Turkey
_x History
650 7 _aLANGUAGE ARTS & DISCIPLINES / Publishing
_2bisacsh
700 1 _aKeseroğlu, Hasan S.
856 4 0 _uhttp://search.ebscohost.com/login.aspx?direct=true&scope=site&db=e011xww&AN=1061910
999 _c10854
_d10854